AP Human Geography Unit 5 Vocab Match - Statistics

General Stats
  • This quiz has been taken 122 times
  • The average score is 32 of 58
Answer Stats
Hint Answer % Correct
The maximum number of people that an environment can support. Carrying Capacity
75%
A substance used for destroying insects or other organisms that are harmful to cultivated plants or animals. Pesticides
72%
A region of land between the Tigris and Euphrates rivers in the Middle East. Fertile Crescent
69%
An economic model that suggested a pattern for the types of products that farmers would produce at different positions relative to the market where they sold their goods. Von Thunen’s Land Use Model
69%
The practice of raising and harvesting fish and other forms of food that live in water. Aquaculture
67%
A series of laws enacted by the British Government that enabled landowners to purchase and enclose land for their own use that had previously been common land used by peasant farmers. Enclosure Acts
67%
A community where there is no access to fresh, healthy, affordable food options because there is a lack of food or grocery stores or farmers markets. Food Desert
67%
Land that is capable of producing food and suitable for farming. Arable Land
64%
The variety of life in the world or in a particular habitat or ecosystem. Biodiversity
64%
The removal of large tracts of forest by natural or manmade means. Deforestation
64%
When humans build a series of steps into the side of a hill, creating flat surfaces for the purpose of agriculture. Terrace Farming
64%
The theory that when something is in high demand (land near the market), it is going to cost more. Bid-Rent Theory
61%
A rural settlement pattern where family homes and farm buildings are located close together, with farmland surrounding them. Clustered Settlement
61%
The practice of rotating use of different fields from crop to crop each year to avoid exhausting the soil. Crop Rotation
61%
Raising animals for the purpose of harvesting milk. Dairy Farming
61%
A rural settlement pattern characterized by isolated farms rather than clustered villages. Dispersed Settlement
61%
A geographical theory that states that the interaction between two places decreases as the distance between them increases. Distance Decay
61%
The planting and harvesting of the same parcel of land twice a year. Double Cropping
61%
A crop whose genetic structure has been altered to make it more useful for human purposes. Genetically Modified Organisms (GMO’s)
61%
Growing of grains, primarily wheat, for the consumption of people. Grain Farming
61%
Crops that are not essential to human survival but have a high profit margin. Luxury Crops
61%
Specializing in the growing of a single crop. Monoculture
61%
Food produced without the use of pesticides, synthetic fertilizers, or other unnatural processes. Organic Food
61%
When farmers grow food crops to feed themselves and their families. Subsistence Agriculture
61%
Use of the Earth’s resources that ensure their availability for future generations to use. Sustainability
61%
Plots of land used for growing food that are farmed collectively and used to benefit the whole community. Community-Supported Agriculture
58%
The process of diverting water from its natural course or location to aid in the production of crops. Irrigation
58%
When soil loses its ability to support plant growth and is more easily eroded by wind or water. Soil Degradation
58%
The global movement of plants and animals between Afro-Eurasia and the Americas following the voyage of Christopher Columbus in 1492, Columbian Exchange
56%
When crops are grown for profit only and not for personal consumption. Commercial Agriculture
56%
Agriculture that uses fewer inputs of capital and paid labor relative to the amount of space being used. Extensive Farming
56%
A chemical or natural substance added to soil or land to increase its fertility. Fertilizer
56%
A rural survey method used by the French and in regions of North America previously dominated by the French that involves long rectangular plots of farmland along rivers that have equal access to the water. Long Lot
56%
The transition of land from fertile to arid. Desertification
53%
Places where livestock are concentrated in a very small area and raised on hormones and hearty grains that prepare them for slaughter at a fast rate. Feedlot
53%
Agriculture that involves greater inputs of capital and paid labor relative to the amount of space being used. Intensive Farming
53%
An integrated system where crops grown are used to feed the livestock on the same farm. Mixed Crop/Livestock Farming
53%
Beginning in the 1700s, the advances of the Industrial Revolution were used to increase food supplies and support population growth. Second Agricultural Revolution
53%
When soil in an arid climate has been irrigated for use as farmland and the water evaporates, leaving salt residue behind that eventually causes the land to become infertile. Soil Salinization
53%
A farm on which no one lives and the planting and harvesting is performed by farmers who live nearby or by migrant workers. Suitcase Farm
53%
The revolution that began in the 1960s and included the Green Revolution. It was marked by an agribusiness model and involved better and more efficient farming equipment and practices. Third Agricultural Revolution
53%
A process used by corporations to gather resources and transform them into goods, then transport them to customers. Commodity Chain
50%
Raising plants and animals for human use. Domestication
50%
An effort to promote higher incomes for farmers, particularly in developing countries, and to protect workers’ rights. Fair Trade Movement
50%
The movement of herds of animals to different pastures within a territory. Pastoral Nomadism
50%
Agriculture practiced in regions with hot dry summers and mild winters, narrow valleys, and simple vegetation systems. Mediterranean Farming
47%
Farming that involves moving crops from one field to another, clearing the land by burning the vegetation. Shifting Cultivation
47%
A rural survey method where land is divided using latitude and longitude. Land is divided into large squares that can be subsequently divided into smaller squares. Township & Range
47%
A rural survey method where land is divided based on the features of the physical landscape and distance and direction. Metes & Bounds
44%
The origin of farming, marked by the initial domestication of plants and animals. Neolithic (First) Agricultural Revolution
44%
Large commercial farming specializing in one crop. Plantation Farming
44%
A type of agriculture that produces perishable items that farmers need to get to the market quickly. Horticulture
42%
A settlement pattern in which farms are clustered along a road with fields behind them. Linear Settlement
42%
The integration of various steps of production in the food-processing industry. Agribusiness
39%
Growing of fruits and vegetables, primarily for the purpose of freezing and canning. Market Gardening
39%
The commercial grazing of animals confined to a specific area. Ranching
39%
The development of higher yielding, disease-resistant, faster-growing varieties of grains. Green Revolution
36%
The practice of cultivating, processing, and distributing food in or around towns or cities. Urban Agriculture
31%
No matching quizzes found
Score Distribution
Percent of People with Each Score
Percentile by Number Answered
Your Score History
You have not taken this quiz